[Event "CZE-ch U16"]
[Site "Brno"]
[Date "1989.??.??"]
[Round "8"]
[White "Jirovsky, Pavel"]
[Black "Gross, David"]
[Result "1-0"]
[WhiteElo "2071"]
[BlackElo "1900"]

1.d4 Nf6 2.c4 g6 3.Nf3 Bg7 4.g3 O-O 5.Bg2 d6 6.O-O c6 7.Nc3 Nbd7 8.b3 Qa5
9.Bb2 e5 10.Qd2 Nh5 11.d5 c5 12.Nb5 Qb6 13.Bc3 a5 14.e4 h6 15.Nh4 Kh7 16.f4 exf4
17.gxf4 f5 18.exf5 gxf5 19.Bh3 Bxc3 20.Qxc3 Ng7 21.Qd3 Nf6 22.Nxf5 Bxf5 23.Bxf5+ Nxf5
24.Qxf5+ Kh8 25.Kh1 Rae8 26.Qg6 Qd8 27.Qxh6+ Nh7 28.Rg1 Qe7 29.Rae1 Qd7 30.Rxe8 Rxe8
31.Nxd6 Rf8 32.Qg6 Qe7 33.Ne4 Re8 34.Nxc5 b6 35.Ne6  1-0

[Event "Cagnes op"]
[Site "Cagnes"]
[Date "1989.??.??"]
[Round "6"]
[White "Anic, Darko"]
[Black "Babault, Patrice"]
[Result "1/2-1/2"]
[WhiteElo "2375"]
[BlackElo "2300"]

1.d4 Nf6 2.Nf3 g6 3.c4 Bg7 4.g3 O-O 5.Bg2 d6 6.O-O c5 7.Nc3 Nc6 8.d5 Na5
9.Nd2 a6 10.Qc2 Rb8 11.b3 b5 12.Bb2 bxc4 13.bxc4 Bh6 14.f4 e5 15.dxe6 Bxe6
16.Nd5 Rxb2 17.Qxb2 Bg7 18.Qa3 Nxc4 19.Nxc4 Nxd5 20.Rac1 Nb4 21.Rfd1 d5 22.Nb2 d4
23.Rxc5 Nxa2 24.Rc6 Qe8 25.Rxa6 Nc3 26.Re1 Bc8 27.Bf3 Qe3+ 28.Kg2 Bxa6 29.Qxa6 Ne4
30.Rf1 Nc5  1/2-1/2

[Event "Caorle op"]
[Site "Caorle"]
[Date "1989.??.??"]
[Round "7"]
[White "Schilstra, BJ."]
[Black "Vlajkovic, Slobodan"]
[Result "1/2-1/2"]
[WhiteElo "2000"]
[BlackElo "2250"]

1.d4 Nf6 2.Nf3 g6 3.g3 Bg7 4.Bg2 O-O 5.c4 d6 6.O-O c5 7.d5 Na6 8.Nc3 Nc7
9.a4 Bd7 10.h3 Rb8 11.e4 b6 12.Re1 a6 13.e5 Nfe8 14.Bf4 b5 15.axb5 axb5 16.b3 bxc4
17.bxc4 Rb4 18.Qe2 h6 19.Ne4 Bf5 20.g4 Bxe4 21.Qxe4 dxe5 22.Nxe5 Nd6 23.Qe2 Bxe5
24.Bxe5 Nxc4 25.Bc3 Nb6 26.Bxb4 cxb4 27.Qxe7 Qxe7 28.Rxe7 Ncxd5 29.Bxd5 Nxd5
30.Rd7 Nf4 31.Kh2 Rc8 32.Raa7 Rf8 33.Rab7 g5 34.Rxb4 Ng6 35.Rdb7 Kg7 36.Rb8 Rxb8
37.Rxb8 Nf4 38.Rb5 Ng6 39.Kg3 Kg8 40.Kf3 Kg7 41.Ke4 Kf6 42.Rb6+ Kg7 43.Ra6 Nh4
44.f4 gxf4 45.Kxf4 Ng6+ 46.Kg3 Nf8 47.Kf4 Ne6+ 48.Ke5 Ng5 49.Ra3 Ne6 50.Kd6 Nd4
51.Rd3 Ne6 52.Ke7 Nf8 53.Rf3 Ng6+ 54.Ke8 Ne5 55.Rf5 f6 56.Ke7 Ng6+ 57.Ke6 Nf8+
58.Kd6 Ng6 59.Ra5 Nh4 60.Ke6 Nf3 61.Ra3 Nd4+ 62.Kd5  1/2-1/2

[Event "Cappelle op"]
[Site "Cappelle"]
[Date "1989.??.??"]
[Round "?"]
[White "Whiteley, Andrew J"]
[Black "Lane, Gary W"]
[Result "1/2-1/2"]
[WhiteElo "2350"]
[BlackElo "2405"]

1.d4 Nf6 2.c4 g6 3.g3 Bg7 4.Bg2 O-O 5.Nf3 d6 6.O-O Nc6 7.Nc3 a6 8.h3 Rb8
9.e4 b5 10.cxb5 axb5 11.Re1 Nd7 12.Be3 e5 13.Rc1 Na5 14.b3 Re8 15.Qd2 c5
16.dxc5 dxc5 17.Bf1 c4 18.bxc4 Nxc4 19.Bxc4 bxc4 20.Nd5 Nf6 21.Bg5 Bxh3 22.Rxc4 Be6
23.Rc5 Bxd5 24.Rxd5 Qc7 25.Bxf6 Bxf6 26.Rc1 Qb7 27.Kg2 Ra8 28.Rc4 Qa6 29.Rc2 Qa4
30.Qd3 h5 31.Rd7 Red8 32.Rxd8+ Rxd8 33.Qc4 Ra8 34.Nd2 Be7 35.Rb2 Bg5 36.Qxa4 Rxa4
37.Kf3 Be7 38.Rc2 f6 39.Nf1 Kf7 40.Ne3 Ra3 41.Ke2 Ke6 42.Nc4 Ra4  1/2-1/2

[Event "Copenhagen Obro op"]
[Site "Copenhagen"]
[Date "1989.??.??"]
[Round "2"]
[White "Hutters, Tomas"]
[Black "Thuesen, Mogens"]
[Result "1-0"]
[WhiteElo "2235"]
[BlackElo "2295"]

1.d4 Nf6 2.Nf3 g6 3.c4 Bg7 4.g3 O-O 5.Bg2 d6 6.O-O Nbd7 7.Nc3 e5 8.e4 c6
9.h3 Qb6 10.Re1 exd4 11.Nxd4 Re8 12.Rb1 Nxe4 13.Nxe4 Bxd4 14.Be3 Bxe3 15.Rxe3 Re6
16.Re2 Qb4 17.Rd2 d5 18.Ng5 Re5 19.Nf3 Re8 20.cxd5 cxd5 21.Rxd5 Nf6 22.Rd4 Qb5
23.Qd2 Bf5 24.Rc1 Re2 25.Rb4 Qe8 26.Qd1 Qe7 27.Rxb7 Qxb7 28.Qxe2 Re8 29.Qd2 Bxh3
30.Bxh3 Qxf3 31.Re1 Rb8 32.b3 Ne4 33.Qe3 Qxe3 34.Rxe3 Ng5 35.Bg2 Ne6 36.Rd3 Rc8
37.Bf3 Rc2 38.a4 Nc5 39.Re3 Rb2 40.Bd5 Kf8 41.Rc3 Ne6 42.Rc4 Ke7 43.Rb4 Kd6
44.Bc4 Nc5 45.Bxf7 a5 46.Rd4+ Kc7 47.Rh4  1-0

[Event "DEN-chT8990"]
[Site "DEN"]
[Date "1989.??.??"]
[Round "7"]
[White "Jelling, Erik"]
[Black "Kristiansen, Jens"]
[Result "1-0"]
[WhiteElo "2340"]
[BlackElo "2405"]

1.d4 g6 2.Nf3 Bg7 3.g3 Nf6 4.Bg2 O-O 5.c4 d6 6.O-O Nbd7 7.Nc3 e5 8.e4 Re8
9.Re1 a5 10.h3 exd4 11.Nxd4 Nc5 12.Re2 a4 13.Rb1 c6 14.b4 axb3 15.axb3 Qb6
16.Bf4 Ncxe4 17.Bxe4 Nxe4 18.Nxe4 Bxh3 19.Ng5 Bd7 20.Rd2 h6 21.Ngf3 Bg4 22.Kg2 d5
23.cxd5 cxd5 24.Be3 Qb4 25.Qf1 Re4 26.Qd3 Rc8 27.Rc2 Rce8 28.Rbc1 g5 29.Rc5 Qa3
30.Qc3 Qa6 31.Rxd5 Qg6 32.Qd3 f5 33.Nh2 Bh5 34.Nxf5  1-0

[Event "Eger op"]
[Site "Eger"]
[Date "1989.??.??"]
[Round "?"]
[White "Seres, Lajos"]
[Black "Gochev, Mladen"]
[Result "0-1"]
[WhiteElo "2200"]
[BlackElo "2380"]

1.Nf3 Nf6 2.c4 d6 3.d4 g6 4.g3 Bg7 5.Bg2 O-O 6.Nc3 a6 7.O-O Nc6 8.h3 Rb8
9.e4 e5 10.Be3 exd4 11.Nxd4 Ne5 12.b3 c5 13.Nde2 Be6 14.f4 Nc6 15.Qd2 Ne8
16.Rad1 f5 17.exf5 gxf5 18.Bxc6 bxc6 19.Bxc5 Qe7 20.Bd4 Bh6 21.Rfe1 Qf7 22.Kh2 Rd8
23.Ng1 Bc8 24.Qe2 Ng7 25.Nf3 Ne6 26.Bb6 Rde8 27.Qg2 Bg7 28.Na4 c5 29.Ba5 Bb7
30.Nc3 Bxc3 31.Bxc3 Qh5 32.Rf1 Nd4 33.Bxd4 cxd4 34.Qf2 Rf6 35.Nxd4 Qxh3+  0-1

[Event "Eger op"]
[Site "Eger"]
[Date "1989.??.??"]
[Round "?"]
[White "Seres, Lajos"]
[Black "Dena, Branislav"]
[Result "1-0"]
[WhiteElo "2200"]
[BlackElo "2270"]

1.d4 Nf6 2.Nf3 g6 3.c4 Bg7 4.g3 d6 5.Bg2 O-O 6.Nc3 Nbd7 7.O-O e5 8.e4 c6
9.h3 Qb6 10.Re1 exd4 11.Nxd4 Ng4 12.Nce2 Nge5 13.b3 Nc5 14.Be3 f6 15.Qc2 a5
16.Rab1 Bd7 17.Red1 Rfe8 18.Nc3 Qc7 19.Rd2 Rad8 20.Rbd1 Bf8 21.a3 Bc8 22.f4 Nf7
23.Bf2 Bg7 24.b4 axb4 25.axb4 Ne6 26.Nb3 Nf8 27.Na4 Nd7 28.Nd4 Qb8 29.Qb3 Nf8
30.Ra2 Ne6 31.Nc2 Nc7 32.Nb6 Ne6 33.Ra8 Qc7 34.Ra7 Re7 35.Ne1 Bd7 36.Nd3 Be8
37.b5 Qb8 38.Rda1 Nc7 39.bxc6 bxc6 40.R1a3 f5 41.exf5 Re2 42.fxg6 hxg6 43.Na4 Nb5
44.cxb5 Rxf2 45.Nxf2 Qxa7 46.bxc6 Rb8 47.Qc2 Bd4 48.Ra2 Kg7 49.Kh2 Rc8 50.Nd3 Qe7
51.Qc4 Qa7 52.Nac5 Bxc5 53.Rxa7 Bxa7 54.Qe6 Rb8 55.c7 Rb1 56.g4 Bb5 57.c8=Q Bxd3
58.Qc3+  1-0

[Event "Eindhoven"]
[Site "Eindhoven"]
[Date "1989.??.??"]
[Round "?"]
[White "De Boer, Gert Jan"]
[Black "Pieterse, Gert"]
[Result "1/2-1/2"]
[WhiteElo "2385"]
[BlackElo "2415"]

1.d4 Nf6 2.c4 g6 3.Nf3 Bg7 4.g3 d6 5.Bg2 O-O 6.O-O Nbd7 7.Nc3 e5 8.e4 exd4
9.Nxd4 Re8 10.h3 Nc5 11.Re1 a6 12.b3 Bd7 13.Bb2 c6 14.Rc1 Qc7 15.b4 Ne6 16.Nd5 Qd8
17.Nxe6 Bxe6 18.Nxf6+ Bxf6 19.Bxf6 Qxf6 20.Qxd6 Rad8 21.Qc5 Qb2 22.a4  1/2-1/2

[Event "Esbjerg"]
[Site "Esbjerg"]
[Date "1989.??.??"]
[Round "2"]
[White "Sloth, Jorn"]
[Black "Nielsen, Jorgen G"]
[Result "1/2-1/2"]
[WhiteElo "2360"]
[BlackElo "2260"]

1.c4 g6 2.Nf3 Bg7 3.d4 Nf6 4.g3 O-O 5.Bg2 d6 6.O-O c6 7.Nc3 Qa5 8.h3 Qa6
9.b3 b5 10.cxb5 cxb5 11.Bd2 Bb7 12.a4 bxa4 13.Rxa4 Qb6 14.Qb1 Rc8 15.Rc1 Nbd7
16.Qa2 Nd5 17.Qa3 N7f6 18.Rc4 Nxc3 19.R1xc3 Ne4 20.Rxc8+ Rxc8 21.Rxc8+ Bxc8
22.e3 Be6 23.b4 Bc4 24.Be1 e6 25.Nd2 Nxd2 26.Bxd2 d5 27.Bc3 Bf8 28.Qb2 Qa6
29.Bf3 Qa4 30.Kg2 Bd6 31.h4 h5 32.Qd2 Qb3 33.Bd1 Qb1 34.Qc2 Qxc2 35.Bxc2 Kf8
36.Ba4 a6 37.f4 Ke7 38.Kf2 Bd3 39.Bc6 Kd8 40.Ba4 Ke7 41.Bd1 Kd7 42.Ba4+ Kc7
43.Be8 f6 44.Ke1 Kd8 45.Ba4 Ke7 46.Kd2 Bc4 47.Bc2 Kf7 48.Ke1 Bb5  1/2-1/2

[Event "ESP-ch"]
[Site "ESP"]
[Date "1989.??.??"]
[Round "2"]
[White "Solana Suarez, Ernesto"]
[Black "Romero Holmes, Alfonso"]
[Result "0-1"]
[WhiteElo "2275"]
[BlackElo "2445"]

1.d4 Nf6 2.Nf3 g6 3.c4 Bg7 4.g3 O-O 5.Bg2 d6 6.O-O Nc6 7.Nc3 a6 8.d5 Na5
9.Nd2 c5 10.Rb1 Rb8 11.b3 b5 12.Bb2 bxc4 13.bxc4 Bh6 14.Ba1 Bf5 15.e4 Bg4
16.f3 Be3+ 17.Kh1 Bd7 18.Rxb8 Qxb8 19.Ncb1 Bd4 20.Bxd4 cxd4 21.Nb3 Nxb3 22.axb3 Qb6
23.Qd3 e5 24.Nd2 Bc8 25.Rb1 Qb4 26.Ra1 Nd7 27.Qc2 Nc5 28.Rb1 f5 29.Bh3 Qc3
30.Qd1 fxe4 31.Bxc8 e3 32.Be6+ Kg7 33.Ne4  0-1

[Event "FRA-ch"]
[Site "?"]
[Date "1989.??.??"]
[Round "?"]
[White "Adrian, Claude"]
[Black "Giffard, Nicolas"]
[Result "1/2-1/2"]
[WhiteElo "2250"]
[BlackElo "2335"]

1.Nf3 Nf6 2.c4 d6 3.d4 g6 4.g3 Bg7 5.Bg2 O-O 6.O-O Nc6 7.d5 Na5 8.Nfd2 c6
9.a3 cxd5 10.cxd5 Nd7 11.Ra2 Nb6 12.b4 Nac4 13.Nxc4 Nxc4 14.Rc2 Nb6 15.Bg5 Bf5
16.e4 Bd7 17.Qc1 Bb5 18.Re1 Bd3 19.Bh3 Bxc2 20.Qxc2 Nd7 21.Rc1 Ne5 22.Nd2 h6
23.Be3 f5 24.exf5 Rc8 25.Qxc8 Qxc8 26.Rxc8 Rxc8 27.f6 Rc1+ 28.Nf1 Rb1 29.fxg7 Kxg7
30.Bxa7 Nc4 31.Bd4+ Kh7 32.Kg2 Nxa3 33.Bc3 Rb3 34.Bd2 Nc2 35.Ne3  1/2-1/2

[Event "FRA-ch"]
[Site "?"]
[Date "1989.??.??"]
[Round "?"]
[White "Miralles, Gilles"]
[Black "Apicella, Manuel"]
[Result "1-0"]
[WhiteElo "2445"]
[BlackElo "2395"]

1.Nf3 Nf6 2.c4 g6 3.d4 Bg7 4.g3 O-O 5.Bg2 d6 6.Nc3 Nbd7 7.O-O e5 8.Qc2 Re8
9.Rd1 c6 10.e4 exd4 11.Nxd4 Qe7 12.b3 Nc5 13.f3 Nfd7 14.Bb2 f5 15.b4 fxe4
16.bxc5 dxc5 17.Nxc6 Qf6 18.Nxe4 Qxb2 19.Qxb2 Bxb2 20.Rab1 Bg7 21.Nd6 Re2
22.Bf1 Re3 23.Kf2 Rxf3+ 24.Kxf3 bxc6 25.Bh3 Ne5+ 26.Kg2 Bg4 27.Bxg4 Nxg4
28.Re1 Bd4 29.Re7 Rf8 30.Rxa7 h5 31.Ne4 Re8 32.Rbb7 Kf8 33.Rf7+ Kg8 34.Rfe7 Rb8
35.Reb7 Ne3+ 36.Kh3 Rxb7 37.Rxb7 Nxc4 38.Rc7 Na5 39.Ra7 Nc4 40.a4 Ne5 41.a5 c4
42.Ra8+ Kf7 43.Rd8 c3 44.Nxc3 Bxc3 45.a6 Ke7 46.Rd1 Ng4 47.a7 Nf2+ 48.Kg2 Nxd1
49.a8=Q Ne3+ 50.Kh1 Bd4 51.Qxc6 Ng4 52.Qxg6 Nf6 53.Kg2 Be5 54.h3 Bd4 55.Kf3 Bb2
56.g4 hxg4+ 57.hxg4 Be5 58.g5 Ne8 59.Ke4 Bg7 60.Qc6 Bh8 61.Kd5 Kf8 62.Qd7 Bc3
63.Kc4  1-0

[Event "FRA-chT"]
[Site "?"]
[Date "1989.??.??"]
[Round "?"]
[White "Grizou, Regis"]
[Black "Hebden, Mark"]
[Result "0-1"]
[WhiteElo "2235"]
[BlackElo "2455"]

1.d4 Nf6 2.Nf3 g6 3.g3 Bg7 4.Bg2 O-O 5.c4 d6 6.O-O Nc6 7.Nc3 a6 8.Bd2 Rb8
9.Rc1 Bd7 10.d5 Na5 11.b3 c5 12.Qe1 b5 13.Nd1 b4 14.e4 e6 15.dxe6 Bxe6 16.e5 dxe5
17.Nxe5 Re8 18.Be3 Bf5 19.f4 Nd7 20.Qf2 Nxe5 21.fxe5 Rxe5 22.Bd5 Nb7 23.Qf3 Qd7
24.Bc6 Qc8 25.Bf4 Bg4 26.Qh1 Nd8 27.Bxe5 Bxe5 28.Bf3 Bh3 29.Re1 Bd4+ 30.Nf2 Ne6
31.Rcd1 Ng5 32.Rxd4 cxd4 33.Nxh3 Qxh3 34.Qg2 Qf5 35.Rf1 d3 36.Bd5 Qe5 37.h4 d2
38.Kh2 Qe1  0-1

[Event "BL2-SW8889"]
[Site "Germany"]
[Date "1989.??.??"]
[Round "?"]
[White "Raupp, Thomas"]
[Black "Friedrich, Norbert"]
[Result "1-0"]
[WhiteElo "2345"]
[BlackElo "2325"]

1.c4 g6 2.g3 Bg7 3.d4 Nf6 4.Bg2 O-O 5.Nf3 d6 6.Nc3 Nbd7 7.O-O e5 8.e4 exd4
9.Nxd4 Re8 10.Re1 Nc5 11.h3 a5 12.Qc2 c6 13.Bf4 Nfd7 14.Nb3 Ne5 15.Nxc5 dxc5
16.Red1 Qf6 17.Na4 g5 18.Be3 Nf3+ 19.Kh1 g4 20.h4 Nd4 21.Qd2 Ne6 22.Nb6 Ra6
23.Nxc8 Rxc8 24.Qe2 h5 25.Rab1 Nd4 26.Bxd4 cxd4 27.f3 Qd6 28.f4 c5 29.a4 Rb6
30.b3 Re8 31.Rd3 Qe7 32.Qd2 Ra6 33.e5 b6 34.Re1 Ra7 35.Bd5 Kh8 36.f5 Bxe5
37.Qh6+ Kg8 38.Rxe5 Qxe5 39.f6 Qe1+ 40.Kh2 Qf2+ 41.Bg2  1-0

[Event "Gleisdorf"]
[Site "Gleisdorf"]
[Date "1989.??.??"]
[Round "1"]
[White "Brglez, Rado"]
[Black "Cigan, Stefan"]
[Result "1/2-1/2"]
[WhiteElo "2240"]
[BlackElo "2360"]

1.d4 Nf6 2.c4 g6 3.Nf3 Bg7 4.g3 O-O 5.Bg2 d6 6.O-O c5 7.Nc3 Nc6 8.d5 Na5
9.Nd2 e5 10.a3 b6 11.b4 Nb7 12.Rb1 Ng4 13.Nde4 h6 14.bxc5 Nxc5 15.Nxc5 bxc5
16.h3 Nf6 17.Bd2 Ne8 18.Nb5 f5 19.Qe1 Rf7 20.Ba5 Qf6 21.Qd2 Rb8 22.Qc2 Rd7
23.Rb3 Rdb7 24.Rfb1 Qe7 25.Kh2 Qd7 26.Nc3 Bf6 27.Rb5 a6 28.R5b3 Rxb3 29.Rxb3 Rxb3
30.Qxb3 Qb7 31.Qxb7 Bxb7 32.e4 Be7 33.Kg1 Bc8 34.f3 Bd7 35.Bf1 Bg5 36.Bd3 Bc1
37.Nb1 f4 38.gxf4 Bxf4 39.Bc2 Kf7 40.Kg2 Nf6 41.Bc7 Ke7 42.Nc3 Bc1 43.a4 Bd2
44.Ne2 Nh5 45.a5 Nf4+ 46.Nxf4 Bxf4 47.Bd1 h5 48.Bc2 h4 49.Bd1 Bh6 50.Bc2  1/2-1/2

[Event "EU-chT"]
[Site "Haifa"]
[Date "1989.??.??"]
[Round "2"]
[White "Schmidt, Wlodzimierz"]
[Black "Georgiev, Krum"]
[Result "1/2-1/2"]
[WhiteElo "2465"]
[BlackElo "2480"]

1.Nf3 Nf6 2.c4 g6 3.d4 Bg7 4.g3 O-O 5.Bg2 d6 6.Nc3 c6 7.O-O a6 8.e4 Nfd7
9.Be3 b5 10.cxb5 axb5 11.Qd2 Bb7 12.Bh6 b4 13.Bxg7 Kxg7 14.Ne2 c5 15.Qe3 Qb6
16.e5 cxd4 17.Nexd4 dxe5 18.Nxe5 Bxg2 19.Kxg2 Ra5 20.Nc4 Qb7+ 21.Kg1 Rd5
22.Rfd1 Nf6 23.Rd2 Rfd8 24.Rad1 h5  1/2-1/2

[Event "Helsinki2"]
[Site "Helsinki"]
[Date "1989.??.??"]
[Round "5"]
[White "Lindstedt, Johan"]
[Black "Kochyev, Alexander"]
[Result "1/2-1/2"]
[WhiteElo "2275"]
[BlackElo "2475"]

1.d4 Nf6 2.c4 g6 3.g3 Bg7 4.Bg2 O-O 5.Nf3 d6 6.O-O Nbd7 7.Nc3 e5 8.e4 a6
9.h3 b5 10.cxb5 axb5 11.dxe5 dxe5 12.Qc2 c6 13.Be3 Qe7 14.Rfd1 Bb7 15.a4 Rfc8
16.axb5 Rxa1 17.Rxa1 cxb5 18.Qb3 Nxe4 19.Nxe4 Bxe4 20.Ra7  1/2-1/2

[Event "Helsinki2"]
[Site "Helsinki"]
[Date "1989.??.??"]
[Round "7"]
[White "Lindstedt, Johan"]
[Black "Durao, Joaquim"]
[Result "1-0"]
[WhiteElo "2275"]
[BlackElo "2220"]

1.d4 Nf6 2.c4 g6 3.g3 Bg7 4.Bg2 d6 5.Nf3 O-O 6.O-O Nc6 7.Nc3 e5 8.d5 Ne7
9.c5 Ne8 10.cxd6 Nxd6 11.e4 h6 12.Qb3 f5 13.Re1 Re8 14.Bd2 Kh7 15.exf5 Nexf5
16.Ne4 Nxe4 17.Rxe4 Nd6 18.Rh4 a5 19.Rc1 Bf5 20.g4 e4 21.Bg5 Qb8 22.Bxh6 exf3
23.Bxg7+  1-0

[Event "HUN-ch"]
[Site "?"]
[Date "1989.??.??"]
[Round "?"]
[White "Groszpeter, Attila"]
[Black "Hazai, Laszlo"]
[Result "1-0"]
[WhiteElo "2500"]
[BlackElo "2460"]

1.d4 Nf6 2.c4 g6 3.Nf3 Bg7 4.g3 d6 5.Bg2 O-O 6.O-O c5 7.b3 Nc6 8.Bb2 cxd4
9.Nxd4 Bd7 10.Nc3 Qa5 11.e4 Nxd4 12.Qxd4 Bc6 13.Qd3 a6 14.Rab1 b5 15.Rfe1 bxc4
16.Qxc4 Bb5 17.Nxb5 axb5 18.Qe2 Nd7 19.e5 Bxe5 20.Bxa8 Rxa8 21.f4 Bxb2 22.Rxb2 Rc8
23.Kf1 Qc3 24.Rd2 Nf6 25.Rd3 Qc6 26.Qf3 d5 27.Rxe7 Ne4 28.Qe2 Qc1+ 29.Rd1 Qc5
30.Re5 Qc7 31.Rdxd5 f5 32.Rd1 Qa7 33.Rxe4 fxe4 34.Qxe4 Qf7 35.Qd5 Rc2 36.Qxf7+ Kxf7
37.Rd7+ Kg8 38.Kg1 Rxa2 39.Rb7 h5 40.Rxb5 Kf7 41.Rb6 Ra1+ 42.Kg2 Ra2+ 43.Kh3 Rb2
44.b4 Kg7 45.b5 Kf7 46.Kh4 Rxh2+ 47.Kg5 Rg2 48.Rf6+ Ke7 49.Rxg6 Rxg3+ 50.Kxh5 Rb3
51.b6 Kf7 52.Rc6 Rg3 53.Rc8 Rb3 54.Rb8  1-0

[Event "HUN-ch"]
[Site "?"]
[Date "1989.??.??"]
[Round "?"]
[White "Schneider, Attila"]
[Black "Horvath, Gyula"]
[Result "0-1"]
[WhiteElo "2390"]
[BlackElo "2410"]

1.Nf3 g6 2.d4 Bg7 3.c4 d6 4.g3 Nf6 5.Bg2 O-O 6.Nc3 a6 7.O-O Nbd7 8.e4 c5
9.h3 cxd4 10.Nxd4 Nc5 11.Be3 Bd7 12.Rc1 Qa5 13.a3 Na4 14.b4 Nxc3 15.Rxc3 Qa4
16.Qc1 Rfc8 17.Kh2 Rc7 18.Bf3 Be8 19.Rd1 a5 20.b5 Rac8 21.Nc6 Bxc6 22.Rd4 Nxe4
23.Bd1 Nxc3 24.Bxa4 Bxd4 25.bxc6 Bxe3 26.Qxc3 Bc5 27.cxb7 Rxb7 28.Bb5 Rbb8
29.Qf3 d5 30.Ba6 Rd8 31.cxd5 Rd6 32.Qe2 Rf6 33.f4 Bxa3 34.Qd3 Rb2+ 35.Kh1 Bb4
36.Qb5 Kg7 37.h4 h5 38.Qe8 Rxa6  0-1

[Event "JUG-ch"]
[Site "?"]
[Date "1989.??.??"]
[Round "?"]
[White "Lalic, Bogdan"]
[Black "Damljanovic, Branko"]
[Result "1/2-1/2"]
[WhiteElo "2525"]
[BlackElo "2530"]

1.d4 Nf6 2.c4 g6 3.Nf3 Bg7 4.g3 O-O 5.Bg2 d6 6.O-O Nfd7 7.Nc3 e5 8.Bg5 f6
9.Be3 Nc6 10.Rc1 Ne7 11.Bd2 f5 12.Ng5 Nf6 13.c5 e4 14.cxd6 cxd6 15.Nb5 Ned5
16.Qb3 Qb6 17.f3 Bd7 18.fxe4 Bxb5 19.exd5 Ng4 20.Kh1 Bxe2 21.Qxb6 axb6 22.Rfe1 Bd3
23.Ne6 Rf7 24.Kg1 Nf6 25.Bg5 h6 26.Bxf6 Bxf6 27.Re3 Bb5 28.Rb3 Bd7 29.Rxb6 Bxe6
30.dxe6 Bxd4+ 31.Kh1 Bxb6 32.exf7+ Kxf7 33.Bxb7 Rb8 34.Bd5+ Kf6 35.Re1 Bc5
36.Re6+ Kg7 37.Re2 Bd4 38.b3 Rb5 39.Re7+ Kh8 40.Bf7 g5 41.Re6 Be5 42.Rxh6+ Kg7
43.Be8 Rc5 44.Rg6+  1/2-1/2

[Event "JUG-ch"]
[Site "?"]
[Date "1989.??.??"]
[Round "?"]
[White "Lalic, Bogdan"]
[Black "Barlov, Dragan"]
[Result "0-1"]
[WhiteElo "2525"]
[BlackElo "2490"]

1.d4 Nf6 2.c4 g6 3.Nf3 Bg7 4.g3 O-O 5.Bg2 d6 6.Nc3 c6 7.O-O Qa5 8.e4 Bg4
9.h3 Bxf3 10.Bxf3 Nfd7 11.Be3 a6 12.a3 c5 13.b4 Qd8 14.Rc1 cxd4 15.Bxd4 Bxd4
16.Qxd4 Nc6 17.Qe3 a5 18.b5 Nce5 19.Be2 Rc8 20.Na4 Nc5 21.Nxc5 Rxc5 22.f4 Nd7
23.Rcd1 Qb6 24.Rf3 Rc7 25.Rd4 Nc5 26.Kg2 Ne6 27.Rd5 Qxe3 28.Rxe3 Nc5 29.e5 dxe5
30.b6 Rc6 31.Rexe5 Rfc8 32.Rxe7 Rxb6 33.Ree5 Rbc6 34.h4 Kg7 35.h5 b6 36.hxg6 hxg6
37.Re7 Kf6 38.Re3 R8c7 39.g4 Re6 40.Rxe6+ Nxe6 41.Kg3 Ke7 42.f5 gxf5 43.gxf5 Nc5
44.f6+ Ke6 45.Rh5 Ne4+ 46.Kf4 Nd6 47.Rh8 Kxf6 48.Rb8 Nxc4 49.Ke4 b5 50.a4 bxa4
51.Kd4 a3 52.Rb1 Nd2  0-1

[Event "JUG-ch"]
[Site "?"]
[Date "1989.??.??"]
[Round "?"]
[White "Lalic, Bogdan"]
[Black "Paunovic, Dragan"]
[Result "1-0"]
[WhiteElo "2525"]
[BlackElo "2460"]

1.d4 Nf6 2.c4 g6 3.Nf3 Bg7 4.g3 O-O 5.Bg2 d6 6.O-O Nfd7 7.e4 e5 8.Bg5 f6
9.Be3 Nc6 10.Nc3 exd4 11.Nxd4 Nde5 12.c5 Ng4 13.Nxc6 bxc6 14.Bd4 Qe7 15.Qa4 Bd7
16.h3 Ne5 17.f4 Nf7 18.Qa5 Rfc8 19.Rad1 Nd8 20.Na4 Ne6 21.Bf2 Kh8 22.Qd2 d5
23.Nc3 Nxc5 24.exd5 cxd5 25.Qxd5 Bf8 26.Rfe1 Be6 27.Qxc5 Qxc5 28.Bxc5 Bxc5+
29.Kh2 Bg8 30.Bxa8 Rxa8 31.Rd7 Rb8 32.b3 Bd6 33.h4 h5 34.Ne4 Re8 35.Re2 a6
36.Nc3 Be6 37.Rxd6 cxd6 38.Nd5 Bf7 39.Rxe8+ Bxe8 40.Nc7 Bf7 41.Nxa6 Kg7 42.Nc7 Kf8
43.Nb5 Ke7 44.Nd4 Kd7 45.a4 Kc7 46.b4 Kb6 47.Kg2 f5 48.Kf2 Be8 49.a5+ Ka6
50.Ke3 Bd7 51.Kd3 Be8 52.Kc3 Bf7 53.Nc2  1-0

[Event "JUG-ch"]
[Site "?"]
[Date "1989.??.??"]
[Round "?"]
[White "Damljanovic, Branko"]
[Black "Strikovic, Aleksa"]
[Result "1/2-1/2"]
[WhiteElo "2530"]
[BlackElo "2490"]

1.d4 Nf6 2.c4 g6 3.Nf3 Bg7 4.g3 O-O 5.Bg2 d6 6.O-O Nfd7 7.e4 e5 8.Bg5 f6
9.Be3 Nc6 10.d5 Ne7 11.Nc3 f5 12.Ng5 Nf6 13.c5 f4 14.cxd6 fxe3 15.dxe7 exf2+
16.Rxf2 Qxe7 17.Qb3 Kh8 18.Raf1 h6 19.Ne6 Bxe6 20.dxe6 c6 21.Bh3  1/2-1/2

[Event "URS-sf Ukraine-ch"]
[Site "Kherson"]
[Date "1989.??.??"]
[Round "?"]
[White "Romanishin, Oleg M"]
[Black "Kuzmin, Gennadi P"]
[Result "1/2-1/2"]
[WhiteElo "2515"]
[BlackElo "2495"]

1.d4 Nf6 2.Nf3 g6 3.c4 Bg7 4.g3 O-O 5.Bg2 d6 6.O-O c6 7.Nc3 Bf5 8.Nh4 Be6
9.d5 cxd5 10.cxd5 Bd7 11.Nf3 Na6 12.Be3 Qa5 13.a3 Nc7 14.b4 Qa6 15.Bd4 Nb5
16.Nxb5 Bxb5 17.Re1 Ba4 18.Qd2 Rac8 19.e4 Rc2 20.Qf4 h6 21.h3  1/2-1/2

[Event "Leningrad"]
[Site "Leningrad"]
[Date "1989.??.??"]
[Round "?"]
[White "Bagirov, Vladimir"]
[Black "Yuneev, Alexey"]
[Result "1/2-1/2"]
[WhiteElo "2460"]
[BlackElo "2345"]

1.Nf3 g6 2.d4 Nf6 3.c4 Bg7 4.g3 O-O 5.Bg2 d6 6.O-O Nbd7 7.Nc3 e5 8.h3 c6
9.e4 Qb6 10.Re1 exd4 11.Nxd4 Ne8 12.Nf3 Ne5 13.Nxe5 dxe5 14.Qa4 f5 15.Be3 Qc7
16.exf5 gxf5 17.Rad1 Be6 18.c5 Rf6 19.f4 Rg6 20.Kh2 e4 21.Bd4  1/2-1/2

[Event "Lenk op"]
[Site "Lenk"]
[Date "1989.??.??"]
[Round "?"]
[White "Cvitan, Ognjen"]
[Black "Gallagher, Joseph G"]
[Result "0-1"]
[WhiteElo "2525"]
[BlackElo "2405"]

1.d4 Nf6 2.c4 g6 3.Nf3 Bg7 4.g3 O-O 5.Bg2 d6 6.O-O Nbd7 7.Nc3 e5 8.e4 exd4
9.Nxd4 Re8 10.h3 a6 11.Be3 Rb8 12.a4 Nc5 13.Qc2 a5 14.Rad1 Qe7 15.Rfe1 c6
16.f4 Nfd7 17.Bf2 Nf8 18.Re2 Bd7 19.Nb3 Nxb3 20.Qxb3 Be6 21.Nd5 Qd7 22.Nb6 Qc7
23.Red2 Rbd8 24.Qc2 f5 25.c5 dxc5 26.exf5 Bxf5 27.Qxc5 Ne6 28.Qxa5 Rxd2 29.Rxd2 Nxf4
30.gxf4 Qxf4 31.Rd1 Be5 32.Kf1 Bxh3 33.Bxh3 Qf3 34.Be6+ Rxe6 35.Rd8+ Kg7
36.Rd7+ Kh6 37.Qd2+ Bf4 38.Rxh7+ Kg5 39.Qc2 Be3 40.Rh2 Bxf2  0-1

[Event "Lillafured"]
[Site "Lillafured"]
[Date "1989.??.??"]
[Round "?"]
[White "Farago, Sandor"]
[Black "Halasz, Tamas"]
[Result "0-1"]
[WhiteElo "2395"]
[BlackElo "2400"]

1.d4 Nf6 2.c4 g6 3.Nf3 Bg7 4.g3 O-O 5.Bg2 d6 6.Nc3 c5 7.d5 Na6 8.O-O Nc7
9.a4 Rb8 10.e4 Bg4 11.h3 Bxf3 12.Qxf3 a6 13.Qe2 e6 14.Be3 exd5 15.e5 d4 16.exf6 Bxf6
17.Bh6 dxc3 18.bxc3 Re8 19.Qd2 b5 20.axb5 axb5 21.cxb5 Nxb5 22.Rfc1 Nc7 23.Ra7 Ne6
24.h4 Re7 25.Rca1 Rxa7 26.Rxa7 Qb6 27.Ra1 Rd8 28.Bd5 Nc7 29.Re1 Qa5 30.Re3 Qa1+
31.Kh2 Nxd5 32.Qxd5 Qa8 33.Qc4 Re8 34.Qa6 Rd8 35.Qc4 Qc6 36.Qf4 Bg7 37.Re7 Qd5
38.c4 Qf5 39.Qxd6 Qxf2+ 40.Kh3 Qf1+ 41.Kh2 Ra8 42.Ra7 Qe2+ 43.Kh3 Re8 44.Bf4 Qf1+
45.Kg4 h5+ 46.Kg5 Qxc4 47.Qd7 Kh7 48.Qxf7 Re5+  0-1

[Event "Vidmar mem"]
[Site "Ljublana Portoroz"]
[Date "1989.??.??"]
[Round "?"]
[White "Greenfeld, Alon"]
[Black "Kupreichik, Viktor D"]
[Result "1-0"]
[WhiteElo "2535"]
[BlackElo "2520"]

1.d4 Nf6 2.c4 g6 3.Nf3 Bg7 4.g3 O-O 5.Bg2 d6 6.O-O Nc6 7.Nc3 e5 8.d5 Ne7
9.c5 Ne8 10.cxd6 cxd6 11.a4 f5 12.Ng5 Nc7 13.Qb3 e4 14.Rd1 h6 15.Ne6 Nxe6
16.dxe6 d5 17.f3 Bxe6 18.Qxb7 d4 19.fxe4 Rb8 20.Qxa7 Bb3 21.Rd3 Nc6 22.Qc5 Nb4
23.Nd5 Nxd3 24.exd3 Rf7 25.a5 Rc8 26.Qb5 Bxd5 27.Qxd5 Qf6 28.exf5 gxf5 29.a6 Kh7
30.b4 Rd8 31.Qc5 Bf8 32.Qc4 Ra7 33.b5 Qb6 34.Bc6 Qc5 35.Qxc5 Bxc5 36.Bf4 Bb6
37.Re1 Kg7 38.Re6 Bc5 39.Re5 Bd6 40.Rd5 Be7 41.Be5+ Kf7 42.Rxd8 Bxd8 43.Bxd4  1-0

[Event "Lugano op"]
[Site "Lugano"]
[Date "1989.??.??"]
[Round "2"]
[White "Tukmakov, Vladimir B"]
[Black "Bode, Ulf"]
[Result "1-0"]
[WhiteElo "2590"]
[BlackElo "2280"]

1.d4 Nf6 2.Nf3 g6 3.c4 Bg7 4.g3 O-O 5.Bg2 d6 6.O-O Nbd7 7.Nc3 e5 8.e4 exd4
9.Nxd4 Re8 10.h3 Nc5 11.Re1 a5 12.Rb1 a4 13.b4 axb3 14.axb3 c6 15.b4 Ne6
16.Nde2 h6 17.f4 h5 18.Be3 h4 19.g4 g5 20.f5 Nf4 21.Nxf4 gxf4 22.Bxf4 Nh5
23.gxh5 Bxc3 24.Re3 Qf6 25.Kh1 Ra1 26.Rxa1 Bxa1 27.Qxd6 Qxd6 28.Bxd6 Bxf5
29.Ra3 Bd4 30.Rd3 Rxe4 31.Rd1 Be5 32.Bxe4 Bxe4+ 33.Kg1 Bf3 34.Rd3 Be2 35.Rd2 Bxd6
36.c5 Bxc5+ 37.bxc5 Bxh5 38.Rh2 Kg7 39.Rb2 Kg6 40.Kf2 Bd1 41.Rb6 Ba4 42.Rb4 Bc2
43.Rxh4 Kf5 44.Rd4 Be4 45.Ke3 Bg2 46.h4 f6 47.h5  1-0

[Event "Lugano op"]
[Site "Lugano"]
[Date "1989.??.??"]
[Round "3"]
[White "Nikolic, Nebojsa"]
[Black "Vanheste, Jeroen"]
[Result "1/2-1/2"]
[WhiteElo "2375"]
[BlackElo "2410"]

1.d4 Nf6 2.c4 g6 3.Nf3 Bg7 4.g3 O-O 5.Bg2 d6 6.O-O c6 7.Nc3 Bf5 8.Ne1 Qc8
9.Nd3 Bh3 10.b3 Bxg2 11.Kxg2 d5 12.cxd5 cxd5 13.Bb2 Nc6 14.e3 Qf5 15.Rc1 Rac8
16.Ba3 Rfd8 17.Qc2 b6 18.Nf4 Qd7 19.Qe2 e6 20.Qb5 Ne8 21.Rc2 Nd6 22.Qa4 Qb7
23.Bxd6 Rxd6 24.Rfc1 a6 25.Nd3 Rdd8 26.Ne2 Nb8 27.Qb4 Nc6 28.Qa4 Nb8 29.b4 Bf8
30.b5 Bd6 31.bxa6 Nxa6 32.Qb5 Rc4 33.Kg1 Nc7 34.Qb3 Rxc2 35.Rxc2 Ra8 36.Rb2 Rb8
37.a4 Qa6 38.Nb4 Qa8 39.Ra2 Na6 40.Nd3  1/2-1/2